[Event "IND-ch U15 Girls 39th"]
[Site "Jalgaon"]
[Date "2024.01.02"]
[Round "9"]
[White "Dhakshniga, T."]
[Black "Anupam, M Sreekumar"]
[Result "0-1"]
[WhiteElo "1416"]
[BlackElo "1642"]
[PlyCount "74"]
[EventDate "2023.12.27"]
[EventType "swiss"]
[EventRounds "11"]
[EventCountry "IND"]
[SourceTitle "CB02_2024"]
[SourceDate "2024.01.10"]
[SourceVersion "1"]
[SourceVersionDate "2024.01.10"]
[SourceQuality "1"]

1. e4 c5 2. c3 d5 3. exd5 Qxd5 4. d4 Nf6 5. Nf3 e6 6. Be2 Nc6 7. 0-0 cxd4 8. cxd4 Be7 9. Bf4 0-0 10. Nc3 Qd8 11. Rc1 b6 12. Bb5 Bb7 13. a3 Rc8 14. Qa4 a6 15. Be2 Nd5 16. Bg3 b5 17. Qd1 Nxc3 18. Rxc3 Qd5 19. Qd3 Rfd8 20. Rd1 Na5 21. Bc7 Nc4 22. Bxd8 Nxb2 23. Qd2 Rxc3 24. Qxb2 Rb3 25. Qc2 Bxd8 26. Ra1 Ba5 27. a4 Rc3 28. Qb2 Qe4 29. Bf1 Rxf3 30. Rc1 b4 31. Rc5 Rf5 32. Rxf5 Qxf5 33. Qc1 Qd5 34. Qd2 b3 35. Qb2 Bb6 36. Qc3 Bxd4 37. Qc7 g6 0-1